Tomato and pepper production in the tropics
Kaydedildi:
| Yazar: | |
|---|---|
| Materyal Türü: | Kitap |
| Dil: | Undetermined |
| Baskı/Yayın Bilgisi: |
Taiwan
AVRDC
1989
|
| Konular: | |
| Etiketler: |
Etiketle
Etiket eklenmemiş, İlk siz ekleyin!
|
| Thư viện lưu trữ: | Trung tâm Học liệu Trường Đại học Cần Thơ |
|---|
| LEADER | 00482nam a2200181Ia 4500 | ||
|---|---|---|---|
| 001 | CTU_13391 | ||
| 008 | 210402s9999 xx 000 0 und d | ||
| 082 | |a 635.642 | ||
| 082 | |b T655 | ||
| 100 | |a AVRDC | ||
| 245 | 0 | |a Tomato and pepper production in the tropics | |
| 245 | 0 | |c AVRDC | |
| 260 | |a Taiwan | ||
| 260 | |b AVRDC | ||
| 260 | |c 1989 | ||
| 650 | |a peppers,tomatoes,vegetables - tropics | ||
| 904 | |i Minh, 961127 | ||
| 980 | |a Trung tâm Học liệu Trường Đại học Cần Thơ | ||